书目信息 |
| 题名: |
风景园林师
|
|
| 作者: | 张国强 , 贾建中 主编 ;中国勘察设计协会 , 中国风景园林学会 编 | |
| 分册: | 6 中国风景园林规划设计集 | |
| 出版信息: | 北京 中国建筑工业出版社 2007.11 |
|
| 页数: | 301页 | |
| 开本: | 29cm | |
| 丛书名: | ||
| 单 册: | ||
| 中图分类: | TU986.2-64 | |
| 科图分类: | ||
| 主题词: | 园林设计--yuan lin she ji--中国--图集 | |
| 电子资源: | ||
| ISBN: | 978-7-112-09544-5 | |
| 000 | 01470nam 2200301 450 | |
| 001 | 212004043328 | |
| 005 | 20240510090839.28 | |
| 010 | @a978-7-112-09544-5@dCNY159.00@z7-112-09544-1 | |
| 100 | @a20090907d2007 ekmy0chiy0121 ea | |
| 101 | 0 | @achi |
| 102 | @aCN@b110000 | |
| 105 | @aabk z 000yy | |
| 200 | 1 | @a风景园林师@Afeng jing yuan lin shi@d= Landscaspe architects@h6@i中国风景园林规划设计集@f中国勘察设计协会园林设计分会, 中国风景园林学会信息委员会编@zeng@g中国勘察设计协会, 中国风景园林学会编 |
| 210 | @a北京@c中国建筑工业出版社@d2007.11 | |
| 215 | @a301页@c图 (部分彩图), 地图@d29cm | |
| 314 | @a本书主编: 张国强, 贾建中 | |
| 330 | @a本书是2007年风景园林规划设计交流会上的主要参展项目。分为发展论坛、风景名胜、绿地系统、公园花园和景观环境、名家名师等部分。全面介绍了我国近几年来风景园林方面最新的优秀规划设计成果。 | |
| 333 | @a园林设计研究人员 | |
| 510 | 1 | @aLandscaspe architects@zeng |
| 517 | 1 | @a中国风景园林规划设计集@Azhong guo feng jing yuan lin gui hua she ji ji |
| 606 | 0 | @a园林设计@Ayuan lin she ji@y中国@j图集 |
| 690 | @aTU986.2-64@v4 | |
| 701 | 0 | @a张国强@Azhang guo qiang @4主编 |
| 701 | 0 | @a贾建中@Ajia jian zhong@4主编 |
| 712 | 02 | @a中国勘察设计协会@Azhong guo kan cha she ji xie kui@b园林设计分会@Byuan lin she ji fen hui@4编 |
| 712 | 02 | @a中国风景园林学会@Azhong guo feng jing yuan lin xue hui@b信息委员会@Bxin xi wei yuan hui@4编 |
| 801 | 0 | @aCN@b河南城建学院图书馆@c20090914 |
| 905 | @dTU986.2-64@eZ569@fTU986.2-64/Z569 | |
| 风景园林师= Landscaspe architects.6.中国风景园林规划设计集/中国勘察设计协会园林设计分会, 中国风景园林学会信息委员会编/中国勘察设计协会, 中国风景园林学会编.-北京:中国建筑工业出版社,2007.11 |
| 301页:图 (部分彩图), 地图;29cm |
| 使用对象:园林设计研究人员 |
| ISBN 978-7-112-09544-5:CNY159.00 |
| 本书是2007年风景园林规划设计交流会上的主要参展项目。分为发展论坛、风景名胜、绿地系统、公园花园和景观环境、名家名师等部分。全面介绍了我国近几年来风景园林方面最新的优秀规划设计成果。 |
| ● |
| 相关链接 |
|
|
|
正题名:风景园林师
索取号:TU986.2-64/Z569
 
预约/预借
| 序号 | 登录号 | 条形码 | 馆藏地/架位号 | 状态 | 备注 |
| 1 | 1239952 | 212399527 | 建筑库201/201建筑库 114排1列1层/ [索取号:TU986.2-64/Z569] | 在馆 | |
| 2 | 1239953 | 212399536 | 建筑库201/201建筑库 114排1列1层/ [索取号:TU986.2-64/Z569] | 在馆 | |
| 3 | 1239954 | 212399545 | 建筑库201/201建筑库 114排1列1层/ [索取号:TU986.2-64/Z569] | 在馆 | |
| 4 | 1551989 | 215519892 | 建筑库201/201建筑库 114排1列1层/ [索取号:TU986.2-64/Z569] | 在馆 | |
| 5 | 1551990 | 215519909 | 建筑库201/201建筑库 114排1列1层/ [索取号:TU986.2-64/Z569] | 在馆 | |
| 6 | 1551991 | 215519918 | 建筑库201/201建筑库 114排1列1层/ [索取号:TU986.2-64/Z569] | 在馆 | |
| 7 | 881419 | 208814194 | 建筑库201/201建筑库 114排1列1层/ [索取号:TU986.2-64/Z569] | 在馆 | |
| 8 | 881420 | 208814201 | 建筑库201/201建筑库 114排1列1层/ [索取号:TU986.2-64/Z569] | 在馆 |